Statistics for Top Scorers/Most Capped Players for Germany

Click here to take the quiz!

General Stats

  • This quiz has been taken 90 times
  • The average score is 13 of 20

Answer Stats

PlaceGoalsPlayer% Correct
268Gerd Muller
99%
1036Thomas Muller
99%
171Miroslav Klose
93%
2137Miroslav Klose
93%
5113Philipp Lahm
85%
4121Bastian Schweinsteiger
78%
9103Franz Beckenbauer
77%
1150Lothar Matthaus
77%
349Lukas Podolski
68%
3130Lukas Podolski
68%
547Jurgen Klinsmann
66%
6108Jurgen Klinsmann
66%
842Michael Ballack
61%
447Rudi Voller
61%
645Karl-Heinz Rummenigge
59%
743Uwe Seeler
41%
937Oliver Bierhoff
34%
8104Per Mertesacker
30%
7105Jurgen Kohler
20%
10102Thomas Hassler
16%

Score Distribution

Percentile by Number Answered

Percent of People with Each Score

Your Score History

You have not taken this quiz